Library Banner

Bartania mein Urdu sahafat/ (Record no. 97987)

MARC details
000 -LEADER
fixed length control field 00399nam a22001457a 4500
005 - DATE AND TIME OF LATEST TRANSACTION
control field 20170908113906.0
008 - FIXED-LENGTH DATA ELEMENTS--GENERAL INFORMATION
fixed length control field 170908b xxu||||| |||| 00| 0 eng d
040 ## - CATALOGING SOURCE
Transcribing agency PK-LaUMT
082 ## - DEWEY DECIMAL CLASSIFICATION NUMBER
Classification number PKAC 070.40941
Item number SUL-B
100 ## - MAIN ENTRY--PERSONAL NAME
Personal name Sultan Mahmood
245 ## - TITLE STATEMENT
Title Bartania mein Urdu sahafat/
Statement of responsibility, etc Sultan Mahmood
260 ## - PUBLICATION, DISTRIBUTION, ETC. (IMPRINT)
Place of publication, distribution, etc لاہور:
Name of publisher, distributor, etc مرکزی اردو بورڈ،
Date of publication, distribution, etc 1978
300 ## - PHYSICAL DESCRIPTION
Extent 144 ص
942 ## - ADDED ENTRY ELEMENTS (KOHA)
Koha item type Books
Holdings
Withdrawn status Lost status Damaged status Home library Current library Date acquired Full call number Barcode Date last seen Price effective from Koha item type
      UMT Main Campus UMT Main Campus 2017-09-08 PKAC 070.40941 SUL-B 113549 2017-09-08 2017-09-08 Books